I'm telling you kids for the last time /

Bibliographic Details
Main Author: Cummings, Parke
Format: Book
Language:English
Published: New York : Schuman, [1951]
Subjects:

MARC

Tag First Indicator Second Indicator Subfields
LEADER 00000cam a2200000 4500
001 in00000060831
005 20151008051040.0
008 751217s1951 nyua 00000 eng
010 |a  51013648  
035 |a (OCoLC)01896788 
035 |9 AAG5296AM 
040 |a DLC  |c FQG  |d TXA  |d UtOrBLW 
049 |a TXAM  |c [201956] 
050 0 0 |a HQ769  |b .C96 
082 0 |a 649.1 
092 |a 136.7  |b C971i 
100 1 |a Cummings, Parke. 
245 1 0 |a I'm telling you kids for the last time /  |c illustrated by Robert Osborn. 
264 1 |a New York :  |b Schuman,  |c [1951] 
300 |a 172 pages :  |b illustrations ;  |c 21 cm. 
336 |a text  |b txt  |2 rdacontent 
337 |a unmediated  |b n  |2 rdamedia 
338 |a volume  |b nc  |2 rdacarrier 
650 0 |a Child rearing. 
999 |a MARS 
999 f f |s 3c42f3b4-0625-3975-aef8-b016b80ff327  |i 2f4f1933-a135-301c-9d2c-659b6f944340  |t 0 
952 f f |p ric  |a Texas A&M University  |b Rellis Campus  |c Joint Library Facility  |d Remote Storage  |t 0  |e HQ769 .C96  |h Library of Congress classification  |i unmediated -- volume  |m A14800513644 
998 f f |a HQ769 .C96  |t 0  |l Remote Storage